Catálogo - Centro de Recursos para el Aprendizaje y la Investigación

Volver al Sitio - CRAI Biblioteca

La utilidad de inútil : (Registro nro. 113337)

Detalles MARC
000 -CABECERA
campo de control de longitud fija 00909nam a2200277 4500
001 - NÚMERO DE CONTROL
campo de control 113337
003 - IDENTIFICADOR DEL NÚMERO DE CONTROL
campo de control DR-UNIBE
005 - FECHA Y HORA DE LA ÚLTIMA TRANSACCIÓN
campo de control 20251016062601.0
008 - DATOS DE LONGITUD FIJA--INFORMACIÓN GENERAL
campo de control de longitud fija 250314b2013 sp ||||| |||| 00| 0 spa d
020 ## - NÚMERO INTERNACIONAL ESTÁNDAR DEL LIBRO
Número Internacional Estándar del Libro 9788415689928
040 ## - FUENTE DE LA CATALOGACIÓN
Centro catalogador/agencia de origen BIBLIOTECA UNIBE
Centro/agencia transcriptor BIBLIOTECA UNIBE
Normas de descripción rda
041 ## - CÓDIGO DE LENGUA
Código de lengua del texto/banda sonora o título independiente spa
Código de lengua original Ita
082 ## - NÚMERO DE LA CLASIFICACIÓN DECIMAL DEWEY
Número de clasificación 854 O65u
100 ## - ENTRADA PRINCIPAL--NOMBRE DE PERSONA
Nombre de persona Ordine, Nuccio,
Fechas asociadas al nombre 1958-2023
Término indicativo de función/relación autor
9 (RLIN) 174018
245 13 - MENCIÓN DE TÍTULO
Título La utilidad de inútil :
Resto del título manifiesto : con un ensayo de Abraham Flexner /
Mención de responsabilidad, etc. Nuccio Ordine ; Abraham Flexner
260 ## - PUBLICACIÓN, DISTRIBUCIÓN, ETC.
Lugar de publicación, distribución, etc. Barcelona :
Nombre del editor, distribuidor, etc. Acantilado,
Fecha de publicación, distribución, etc. 2013
300 ## - DESCRIPCIÓN FÍSICA
Extensión 171 páginas
490 ## - MENCIÓN DE SERIE
Mención de serie El Acantilado ;
Designación de volumen o secuencia 36
500 ## - NOTA GENERAL
Nota general Título original: L´utilità dell´ inutile
650 #7 - PUNTO DE ACCESO ADICIONAL DE MATERIA--TÉRMINO DE MATERIA
Término de materia o nombre geográfico como elemento de entrada Ensayos
Fuente del encabezamiento o término lemb
650 #7 - PUNTO DE ACCESO ADICIONAL DE MATERIA--TÉRMINO DE MATERIA
Término de materia o nombre geográfico como elemento de entrada Enseñanza superior
Fuente del encabezamiento o término lemb
9 (RLIN) 141024
650 #7 - PUNTO DE ACCESO ADICIONAL DE MATERIA--TÉRMINO DE MATERIA
Término de materia o nombre geográfico como elemento de entrada Literatura
Fuente del encabezamiento o término lemb
700 ## - PUNTO DE ACCESO ADICIONAL--NOMBRE DE PERSONA
Nombre de persona Flexner, Abraham
Término indicativo de función/relación autor
9 (RLIN) 193095
700 ## - PUNTO DE ACCESO ADICIONAL--NOMBRE DE PERSONA
Nombre de persona Bayod, Jordi
Término indicativo de función/relación traductor
9 (RLIN) 193094
942 ## - ELEMENTOS DE PUNTO DE ACCESO ADICIONAL (KOHA)
Fuente del sistema de clasificación o colocación Sistema de Clasificación Decimal Dewey
Tipo de ítem Koha Libro (general)
Existencias
Estado de retiro Estado de pérdida Fuente del sistema de clasificación o colocación No para préstamo Código de colección Localización permanente Fecha de adquisición Total de préstamos Renovaciones totales Signatura topográfica completa Código de barras Fecha visto por última vez Fecha del último préstamo Número de copia Precio válido a partir de Tipo de ítem Koha
  Disponible Sistema de Clasificación Decimal Dewey   General Biblioteca Central UNIBE 14/04/2025 1 1 854 O65u 250257 16/09/2025 03/09/2025 Ej. 1 14/03/2025 Libro (general)